All 100k+ Population Cities in the Balkans - Statistics

General Stats
  • This quiz has been taken 114 times
  • The average score is 28 of 47
Answer Stats
Country Population Answer % Correct
Greece 643,452 Athens
98%
Bulgaria 1,190,256 Sofia
98%
Serbia 1,383,875 Belgrade
97%
Romania 1,716,961 Bucharest
97%
North-Macedonia 526,502 Skopje
97%
Albania 418,495 Tirana
97%
Croatia 663,592 Zagreb
97%
Bosnia and Herzegovina 271,194 Sarajevo
96%
Greece 309,617 Thessaloniki
92%
Slovenia 288,382 Ljubljana
90%
Kosovo 161,751 Pristina
90%
Bulgaria 311,093 Varna
89%
Montenegro 180,186 Podgorica
88%
Croatia 149,830 Split
88%
Serbia 306,702 Novi Sad
87%
Bulgaria 321,824 Plovdiv
87%
Romania 286,598 Cluj-Napoca
84%
Serbia 182,797 Niš
78%
Bosnia and Herzegovina 138,963 Banja Luka
74%
Romania 250,849 Timișoara
72%
Romania 263,688 Constanța
67%
Bulgaria 188,242 Burgas
66%
Greece 149,501 Heraklion
64%
Albania 113,249 Durrës
63%
Romania 271,692 Iași
63%
Greece 170,755 Patras
56%
Croatia 107,964 Rijeka
56%
Romania 237,589 Brașov
49%
Serbia 146,315 Kragujevac
42%
Greece 146,595 Larissa
42%
Romania 234,140 Craiova
40%
Romania 145,078 Arad
35%
Romania 217,851 Galați
35%
Greece 168,151 Piraeus
34%
Bulgaria 123,134 Ruse
34%
Romania 183,105 Oradea
31%
Romania 180,540 Ploiești
29%
Romania 134,309 Sibiu
29%
Romania 108,759 Baia Mare
24%
Bulgaria 121,582 Stara Zagora
24%
Romania 154,686 Brăila
23%
Romania 141,275 Pitești
23%
Romania 116,033 Târgu Mureș
23%
Romania 136,087 Bacău
21%
Romania 103,481 Buzău
17%
Greece 133,630 Peristeri
10%
Greece 100,857 Acharnes
6%
No matching quizzes found
Score Distribution
Percent of People with Each Score
Percentile by Number Answered
Your Score History
You have not taken this quiz